Central Library OPAC University of Rajshahi

The United States to 1865 / (Record no. 29575)

MARC details
000 -LEADER
fixed length control field 00991nam a22003012 4500
001 - CONTROL NUMBER
control field 29575
003 - CONTROL NUMBER IDENTIFIER
rucl marc code BD-RjUL
005 - DATE AND TIME OF LATEST TRANSACTION
control field 20211209051429.0
008 - FIXED-LENGTH DATA ELEMENTS--GENERAL INFORMATION
fixed length control field 140403s1989 ii a b 001 0 eng d
020 ## - INTERNATIONAL STANDARD BOOK NUMBER
International Standard Book Number 8122900119 (hbk)
International Standard Book Number 8122900127 (pbk)
035 ## - SYSTEM CONTROL NUMBER
System control number (BD-RjUL)29660
-- OCLC ocm00294475 from D970528M
040 ## - CATALOGING SOURCE
Original cataloging agency DLC
Transcribing agency DLC
Modifying agency UKM
-- EQO
-- BD-RjUL
Language of cataloging eng
041 ## - LANGUAGE CODE
Language code of text/sound track or separate title eng
082 00 - DEWEY DECIMAL CLASSIFICATION NUMBER
Classification number 973
Author mark and year KRU 1989
100 1# - MAIN ENTRY--PERSONAL NAME
Personal name Kraus, Michael,
Dates associated with a name 1901-1990.
9 (RLIN) 90131
245 14 - TITLE STATEMENT
Title The United States to 1865 /
Statement of responsibility, etc. Michael Kraus.
250 ## - EDITION STATEMENT
Edition statement new ed. rev. & el.
260 ## - PUBLICATION, DISTRIBUTION, ETC. (IMPRINT)
Place of publication, distribution, etc. Delhi :
Name of publisher, distributor, etc. Surjeet Publications,
Date of publication, distribution, etc. 1989.
300 ## - PHYSICAL DESCRIPTION
Pagination xiii,548, xi p. :
Illustrations ill. ;
Size 22 cm.
490 1# - SERIES STATEMENT
Series statement The University of Michigan history of the modern world
504 ## - BIBLIOGRAPHY, ETC. NOTE
Bibliography, etc Includes bibliographical references and index.
651 #0 - SUBJECT ADDED ENTRY--GEOGRAPHIC NAME
Geographic name United States
General subdivision History.
9 (RLIN) 90132
830 #0 - SERIES ADDED ENTRY--UNIFORM TITLE
Uniform title University of Michigan history of the modern world.
942 ## - ADDED ENTRY ELEMENTS (KOHA)
Source of classification or shelving scheme Dewey Decimal Classification
Koha item type Books
Holdings
Lost status Source of classification or shelving scheme Damaged status Not for loan Collection code Permanent Location Current Location Shelving location Date acquired Source of acquisition Cost, normal purchase price Total Checkouts Full call number Date last seen Date checked out Copy number Koha item type
  Dewey Decimal Classification     Non-fiction Central Library, University of Rajshahi Central Library, University of Rajshahi   20/06/1999 Dhaka, Ankur Prakashani. 147.00 1 973 KRU 1989 27/12/2017 27/12/2017 C-2 Books
  Dewey Decimal Classification   Not For Loan Non-fiction Central Library, University of Rajshahi Central Library, University of Rajshahi Reading Room 20/06/1999 Dhaka,Ankur Prakashani 147.00   973 KRU 1989 04/03/2017   C-1 Books